Dahsyatnya doa anak (Record no. 127113)

MARC details
000 -LEADER
fixed length control field 00750nam a2200253 i 4500
001 - CONTROL NUMBER
control field C2-0327575
003 - CONTROL NUMBER IDENTIFIER
control field PPAK
005 - DATE AND TIME OF LATEST TRANSACTION
control field 20180728125156.0
008 - FIXED-LENGTH DATA ELEMENTS--GENERAL INFORMATION
fixed length control field 140707s2014 my |||| ||||| | may d
020 ## - INTERNATIONAL STANDARD BOOK NUMBER
International Standard Book Number 9789674111953
040 ## - CATALOGING SOURCE
Original cataloging agency PPAK
Language of cataloging eng
Transcribing agency PPAK
Description conventions rda
082 04 - DEWEY DECIMAL CLASSIFICATION NUMBER
Classification number 297.382
Edition number 23
090 00 - LOCALLY ASSIGNED LC-TYPE CALL NUMBER (OCLC); LOCAL CALL NUMBER (RLIN)
Classification number (OCLC) (R) ; Classification number, CALL (RLIN) (NR) 297.382
Feature heading ADA
Feature heading G
100 0# - MAIN ENTRY--PERSONAL NAME
Personal name Adam Cholil,
Relator term author
245 10 - TITLE STATEMENT
Title Dahsyatnya doa anak
264 #1 - PRODUCTION, PUBLICATION, DISTRIBUTION, MANUFACTURE, AND COPYRIGHT NOTICE
Place of production, publication, distribution, manufacture Batu Caves, Selangor :
Name of producer, publisher, distributor, manufacturer PTS Millennia ,
Date of production, publication, distribution, manufacture, or copyright notice 2014
300 ## - PHYSICAL DESCRIPTION
Extent ix, 153 pages ;
Dimensions 23 cm
336 ## - CONTENT TYPE
Source rdacontent
Content type term text
337 ## - MEDIA TYPE
Source rdamedia
Media type term unmediated
338 ## - CARRIER TYPE
Source rdacarrier
Carrier type term volume
650 10 - SUBJECT ADDED ENTRY--TOPICAL TERM
Topical term or geographic name entry element Prayer - Islam. ; Islam - Prayers and devotions. ; Religious life - Islam.
700 0# - ADDED ENTRY--PERSONAL NAME
Personal name Norhaslinda Abd Razak,
Relator term editor
942 ## - ADDED ENTRY ELEMENTS (KOHA)
-- dc
Koha item type Book
Holdings
Withdrawn Not for loan Current library Shelving location Date acquired Full call number Barcode Date last seen Koha item type Total Checkouts Date last checked out Total Renewals
    Perpustakaan Alor Setar Pinjaman Dewasa 13/07/2014 297.382 ADA A01450412 29/04/2024 Book 3 14/02/2024 4
    Perpustakaan Awam Sungai Petani Pinjaman Dewasa 27/08/2015 297.382 ADA A01464752 09/05/2018 Book      
    Perpustakaan Baling Pinjaman Dewasa 27/08/2015 297.382 ADA A01464754 14/10/2021 Book 1 17/03/2021  
    Perpustakaan Kulim Pinjaman Dewasa 27/08/2015 297.382 ADA A01464753 09/05/2018 Book      
    Perpustakaan Merbok Pinjaman Dewasa 27/08/2015 297.382 ADA A01464755 09/05/2018 Book